000
00318 a2200157 4500
001
164644
020
_a
040
_c
Magnum
100
_a
Kupstas, Marcia
240
1
0
_a
Ecologia em debate
_l
por
245
1
0
_a
Ecologia em debate
362
0
_a
1899
440
1
_a
Moderna
697
_a
PARADIDATICOS
942
_c
BK
999
_c
164644
_d
164644